000 00634cab a2200217 4500
001 WB2701-26
008 090401t1990 xxu||||| |||| 00| 0 eng d
035 _a(Sirsi) u65092
041 _aeng
245 _aMassive rise in inherited wealth
260 _c1990
350 _a0
490 _aEvening Standard
_v19/12/90 p17
520 _aAccording to a report by Mintel , Britons will inherit £120bn during the nineties, mainly as a result of the post-war housing boom .
650 _aHOME OWNERSHIP
650 _aINHERITED WEALTH
650 _aMARKET
690 _aECONOMIC AND SOCIAL
942 _n0
948 _c04/03/1997
999 _c40572
_d40572